OECD Development Co-operation Peer Reviews: Australia 2018

Na minha lista:
Detalhes bibliográficos
Formato: Livro
Idioma:inglês
Publicado em: Paris OECD 2018
Colecção:OECD Development Co-operation Peer Reviews
Assuntos:
Tags: Adicionar Tag
Sem tags, seja o primeiro a adicionar uma tag!

MARC

LEADER 00000nam a2200000 4500
001 0250864
005 20221220065711.0
020 |a 978-92-64-29334-2 
041 0 |a eng 
044 |a FR 
245 1 0 |a OECD Development Co-operation Peer Reviews: Australia 2018 
264 1 |a Paris  |b OECD  |c 2018 
300 |a 126 s. 
490 1 |a OECD Development Co-operation Peer Reviews 
830 0 |a OECD Development Co-operation Peer Reviews 
610 2 0 |a pomoc rozvojová 
610 2 0 |a programy rozvojové 
610 2 0 |a politika rozvojová 
610 2 0 |a spolupráca rozvojová 
610 2 0 |a pomoc humanitárna 
610 2 0 |a financovanie 
610 2 0 |a úver 
610 2 0 |a systém 
610 2 0 |a integrácia 
610 2 0 |a Austrália